Responses for show #6187 - Tuesday, July 5, 2011

2011 Kids Week game 2.

Contestants

[<< previous game]

Meg Walker, an eleven-year-old from Brandon, Mississippi

Dillon McCormick, a twelve-year-old from Erlanger, Kentucky

Rahul Francis, a twelve-year-old from Flushing, New York

[next game >>]

Jeopardy! Round responses

NAMES IN THE OLD TESTAMENT
SWEET TREATS
SUMMERTIME
DR. SEUSS CHARACTERS
THIS & THAT
ABBREV.
    $200 24
Noah

Rahul :)
    $200 1
Reese's

Meg
    $200 2
the sun

Rahul :)
    $200 21
Sam-I-Am

Dillon
    $200 16
the Super Bowl

Meg
    $200 11
(Meg: What is Federal Investigation Bureau?)

the Federal Bureau of Investigation

Rahul :)Meg
    $400 27
Daniel

Meg
    $400 3
an Oreo

Rahul :)
    $400 7
mowing the lawn

Rahul :)
    $400 22
the Grinch

Dillon
    $400 17
the 20-dollar bill

Dillon
    $400 12
Montana

Meg
    $600 28
Moses

Meg
    $600 4
Twinkies

Dillon
    $600 8
(Rahul: What are sprinklers?)

fire hydrants

Rahul :)Dillon
    $600 23
Yertle the Turtle

Triple Stumper
    $600 18
one

Dillon
    $400 13
a milligram

Meg
    $800 29
the Queen of Sheba

Meg
    $800 5
Butterfingers

Dillon
    $800 9
stars

Dillon
    $800 25
Horton

Rahul :)
    $800 19
Amsterdam

Rahul :)
    $800 14
Internet service provider

Rahul :)
    $1000 30
(Dillon: Who is.. ah, I forgot.)
(Alex: It was the wife of Abraham - [*].)

Sarah

Dillon
Triple Stumper
    $1000 6
meringue

Meg
    $1000 10
humidity

Rahul :)
    $1000 26
Bartholomew (Cubbins)

Dillon
    $1000 20
(Dillon: What is [*]? A gutter? [pause] [*]?)
(Alex: [after looking at judges] Yeah, we'll take that. Water[*]. Rain gutter.)

a (water)spout

Dillon
    $1000 15
World Health Organization

Rahul :)

Scores at the first commercial break (after clue 15):

Rahul :) Dillon Meg
$3,400 $2,800 $1,800

Scores at the end of the Jeopardy! Round:

Rahul :) Dillon Meg
$5,200 $5,400 $3,800

Double Jeopardy! Round responses

AMERICANA
MOVIE SEQUELS
HELLO KITTY
THE SOUTHERN HEMISPHERE
"H" IS FOR HOBBY
HOMOPHONES
    $400 2
the Statue of Liberty

Meg
    $400 21
the Smithsonian

Dillon
    $400 16
a purr

Dillon
    $400 11
the Indian Ocean

Rahul :)
    $400 1
Hip Hop

Rahul :)
    $400 26
roam/Rome

Dillon
    $800 4
Old Glory

Meg
    $800 22
the Squeakquel

Dillon
    $800 17
a tiger

Dillon
    $800 12
Peru

Dillon
    $800 3
hats

Meg
    $800 27
kernel/colonel

Rahul :)
    $1200 5
Glacier National Park

Rahul :)
    $1200 23
Ice Age

Rahul :)
    $1200 18
catnip

Dillon
    $3,000 13
Kenya

Dillon
    $1200 6
horses

Meg
    $1200 28
due/dew

Dillon
    $1600 9
"This Land Is Your Land"

Meg
    $1600 24
Toy Story

Dillon
    $1600 19
a cheetah

Rahul :)
    $1600 14
(Meg: What is Papua New Guinea?)

New Zealand

DillonMeg
    $1600 7
Hula Hoop

Rahul :)
    $1,000 29
cymbals/symbols

Dillon
    $2000 10
an olive branch

Dillon
    $2000 25
Ariel

Meg
    $2000 20
tabby

Rahul :)
    $2000 15
South Africa

Dillon
    $2000 8
horticulture

Triple Stumper
    $2000 30
(Dillon: What is.. temple?)

alter/altar

DillonMeg

Scores at the end of the Double Jeopardy! Round:

Rahul :) Dillon Meg
$14,400 $20,600 $11,000

[wagering suggestions for these scores]

Final Jeopardy! Round responses

HISTORIC AMERICANS
MegWho was George Washington?
$5,000
Rahul :)Who is George Washington
$6,201
DillonWho was George Washington?
$8,200
George Washington

Final scores:

Rahul :) Dillon Meg
$20,601 $28,800 $16,000
2nd place: $2,000 Winner: $28,800 3rd place: $1,000

Game dynamics:

Coryat scores:

Rahul :) Dillon Meg
$14,400 $19,400 $11,200
18 R,
1 W
24 R
(including 2 DDs),
2 W
15 R
(including 1 DD),
2 W

Combined Coryat: $45,000

The J! Archive is created by fans, for fans. The Jeopardy! game show and all elements thereof, including but not limited to copyright and trademark thereto, are the property of Jeopardy Productions, Inc. and are protected under law. This website is not affiliated with, sponsored by, or operated by Jeopardy Productions, Inc. Join the discussion at JBoard.tv.